000 00465nam a2200133Ia 4500
008 220620s9999||||xx |||||||||||||| ||und||
022 _a18651100
100 _aLi, Jingshi
245 0 _aOptical Delay Interferometers and their Application for Self-coherent Detection
546 _aEnglish[eng]
650 _aoptical communications||optics||interferometer||optical receiver||self-coherent detection
856 _uhttps://www.ksp.kit.edu/9783866449572
942 _cEB
999 _c28299
_d28299